LEADER 01391nam a2200313 u 4500 001 000000074376 003 CaOOAMICUS 005 20070226122444.0 008 021205s1999 gw u000 u ger u 020 $a3161469739 035 $a10947526 040 $aPUL$bita 100 1 $aMussner, Franz.$0(OLS)http://pul/name/13787 245 10$aJesus von Nazaret im Umfeld Israels und der Urkirche :$bgesammelte Aufsätze /$cFranz Mussner ; herausgegeben von Michael Theobald. 260 $aTübingen :$bMohr,$cc1999. 300 $aviii, 368 p. ;$c21 cm 490 1 $aWissenschaftliche Untersuchungen zum Neuen Testament ;$v111 500 $aComprende indici. 504 $aBibliografia in nota. 600 04$aIesus Christus$xVita pubblica.$0(OLS)http://pul/subject/17347 700 1 $aTheobald, Michael.$0(OLS)http://pul/name/49313 830 0$aWissenschaftliche Untersuchungen zum Neuen Testament ;$v111.$0(OLS)http://pul/title/8628 850 $aPUL 852 $aPUL$W1$xSL Religione 1$y3$m16 H 111$j95944$nBK-PRI$b $qStampati$B95944$CPULBib$Z2$F95944 $H $81 941 1 $a8 961 $aINV: 89213 996 $6020$a3161469739$9(OLS)http://pul/number/96412 996 $6245$aJesus von Nazaret im Umfeld Israels und der Urkirche :$bgesammelte Aufsätze$9(OLS)http://pul/title/97665 996 $6260$aTübingen :$bMohr$9(OLS)http://pul/publisher/48065 LEADER 01482nam a2200337 u 4500 001 000000049876 003 CaOOAMICUS 005 20070226115147.0 008 000713s1999 it u000 u ita u 020 $a8838441952 035 $a10852251 040 $aPUL$bita$dBAV 041 1 $aita$hrus 100 1 $aFlorenskij, Pavel Aleksandrovi?,$d1882-1937.$0(OLS)http://pul/name/12952 245 13$aIl cuore cherubico :$bscritti teologici e mistici /$cPavel A. Florenskji ; a cura e con introduzione di Natalino Valentini e Lubomir Z?k ; traduzione di Rossella Zugan. 260 $aCasale Monferrato :$bPiemme,$cc1999. 300 $a303 p. ;$c23 cm 490 1 $aAnima del mondo ;$v25 504 $aBibliografia in nota. 650 4$aTeologia.$0(OLS)http://pul/subject/118 700 1 $aZak, Lubomír,$d1964-$0(OLS)http://pul/name/32062 700 1 $aZugan, Rossella.$0(OLS)http://pul/name/35991 700 1 $aValentini, Natalino,$d1960-$0(OLS)http://pul/name/28421 830 2$aL'Anima del mondo ;$v25.$0(OLS)http://pul/title/65318 850 $aPUL 852 $aPUL$W1$xSL Religione 1$y3$m41 E 187$j66198$nBK-PRI$b $qStampati$B66198$CPULBib$Z2$F66198 $H $81 941 1 $a8 961 $aINV: 82532 996 $6020$a8838441952$9(OLS)http://pul/number/63075 996 $6245$aIl cuore cherubico :$bscritti teologici e mistici$9(OLS)http://pul/title/67196 996 $6260$aCasale Monferrato :$bPiemme$9(OLS)http://pul/publisher/51813